shakespeare or taylor swift? - Statistics

General Stats
  • This quiz has been taken 254 times
  • The average score is 19 of 30
Answer Stats
Question Answer % Correct
"Love looks not with the eyes; but with the mind"
84%
"The valiant never taste of death but once"
81%
"But now my eyes leak acid rain on the pillow where you used to lay your head"
79%
"All the world's a stage"
77%
"Your midas touch on the chevy door"
77%
"Brevity is the soul of wit"
77%
"The measure done, I'll watch her place of stand."
74%
"Did the twin flame bruise paint you blue? Just between us, did the love affair maim you, too?"
72%
"Love's never lost when perspective is earned"
71%
"Your integrity makes me seem small"
71%
"Now you hang from my lips; like the Gardens of Babylon"
69%
"I'd live and die for moments that we stole, on begged and borrowed time"
66%
"Your name; forever the name on my lips"
66%
"If clarity's in death, then why won't this die?"
64%
"I changed into goddesses, villains and fools"
64%
"Our doubts are traitors and make us lose the good"
63%
"Cross your thoughtless heart, only liquor anoints you"
62%
"Strategy sets the scene for the tale"
60%
"Your touch brought forth an incandescent glow; tarnished but so grand"
59%
"The course of true love never did run smooth"
58%
"But love is blind, and lovers cannot see"
57%
"All that glitters is not gold"
56%
"And all the men and women merely players"
56%
"A touch that was my birthright became foreign"
53%
"My broken drum; you have beaten my heart"
52%
"Love is a smoke and is made with the fume of sighs"
50%
"One less temptress; one less dagger to sharpen"
46%
"Past the curses and cries; beyond the terror in the nightfall"
45%
"With my calamitous love and insurmountable grief..."
43%
"Cruel to be kind"
40%
No matching quizzes found
Score Distribution
Percent of People with Each Score
Percentile by Number Answered
Your Score History
You have not taken this quiz